Home Print Resources E-Books E-Journals IIMT Lecture Series Library Membership Form Book Recommendation Form Campus Tour Take AdmissionAbout Us Contact Us

FUNDAMENTAL OF PEADIATRIC OPTOMETRY (Record no. 56374)

000 -LEADER
fixed length control field 00384nam a22001577a 4500
003 - CONTROL NUMBER IDENTIFIER
control field OSt
005 - DATE AND TIME OF LATEST TRANSACTION
control field 20240322104046.0
008 - FIXED-LENGTH DATA ELEMENTS--GENERAL INFORMATION
fixed length control field 230209b xxu||||| |||| 00| 0 eng d
020 ## - INTERNATIONAL STANDARD BOOK NUMBER
International Standard Book Number 0 9383124407
040 ## - CATALOGING SOURCE
Transcribing agency IIMT UNIVERSITY
100 ## - MAIN ENTRY--PERSONAL NAME
Personal name KHAN MOON MOON
245 ## - TITLE STATEMENT
Title FUNDAMENTAL OF PEADIATRIC OPTOMETRY
260 ## - PUBLICATION, DISTRIBUTION, ETC.
Place of publication, distribution, etc. HYDRABAD
Name of publisher, distributor, etc. PARAS M B
Date of publication, distribution, etc. 2015
300 ## - PHYSICAL DESCRIPTION
Extent 242
942 ## - ADDED ENTRY ELEMENTS (KOHA)
Source of classification or shelving scheme
Koha item type Book Bank
Holdings
Withdrawn status Lost status Source of classification or shelving scheme Damaged status Not for loan Home library Current library Date acquired Source of acquisition Cost, normal purchase price Inventory number Total Checkouts Barcode Date last seen Date last checked out Uniform Resource Identifier Price effective from Koha item type
          IIMT University Central Library Meerut IIMT University Central Library Meerut 02/09/2023 ARISTA 575.00 HO/IN/147 2 01-B-139625 07/03/2025 09/05/2024 B OPTOMETRY 02/09/2023 Book Bank
          IIMT University Central Library Meerut IIMT University Central Library Meerut 02/09/2023 ARISTA 575.00 HO/IN/147 2 01-B-139626 06/25/2025 09/13/2024 B OPTOMETRY 02/09/2023 Book Bank
          IIMT University Central Library Meerut IIMT University Central Library Meerut 02/09/2023 ARISTA 575.00 HO/IN/147 2 01-B-139627 06/17/2025 10/07/2024 B OPTOMETRY 02/09/2023 Book Bank
          IIMT University Central Library Meerut IIMT University Central Library Meerut 02/09/2023 ARISTA 575.00 HO/IN/147   01-B-139628 02/09/2023   B OPTOMETRY 02/09/2023 Reference Book
          IIMT University Central Library Meerut IIMT University Central Library Meerut 02/09/2023 ARISTA 575.00 HO/IN/147 1 01-B-139624 06/21/2024 09/19/2023 B OPTOMETRY 02/09/2023 Book Bank
IIMT, Central Library. All Rights Reserved IIMT,UNIVERSITY © 2023
Implemented and Customised by I CLOUDE EMS
You Are OPAC Visitor No
free web counter

Powered by Koha